Not Starring Click XV: Angelina Jolie Quiz Stats

 Plays Quiz not verified by Sporcle

Challenge
Share
Tweet
Embed
Score 0/10 Timer 03:00
1 Play Today
% Correct
Charlie's Angels (2000)
95.2%
Unfaithful (2002)
91.7%
Titanic (1997)
87.8%
The Reader (2008)
77.7%
Chicago (2002)
76.4%
Gravity (2013)
67.2%
Hannibal (2001)
57.6%
Alien: Resurrection (1997)
48%
Panic Room (2002)
44.5%
Bringing Down the House (2003)
27.9%

You're not logged in!

Compare scores with friends on all Sporcle quizzes.
OR
Log In

You Might Also Like...

Show Comments

Extras

Top Quizzes Today


Score Distribution

Your Account Isn't Verified!

In order to create a playlist on Sporcle, you need to verify the email address you used during registration. Go to your Sporcle Settings to finish the process.

Report this User

Report this user for behavior that violates our Community Guidelines.

Details: